000 00557nam a2200181Ia 4500
008 140609s9999 xx 000 0 und d
020 _a9789715846936
050 _aMT 3
_b.Er73 2008
100 _aErum, Angela Gloria U.
245 _a(LET) reviewer in music /
_cAngela Gloria U. Erum
260 _aQuezon City, Philippines :
_bC&E Publishing, Inc.,
_cc2008.
300 _a68 p. ;
_c26 cm.
440 _a(Licensure examinations for teachers).
500 _aIncludes bibliographical references.
521 _aGE
942 _kLOC
_cBK
999 _c118240
_d118240